• 首页
  • 本馆介绍
  • 公告通知
  • 最新文献
  • 馆藏检索
  • 电子资源
  • 读者导购
  • 参考咨询
  • 我的图书馆
  • 登录
  • 详细信息显示
  • 放入我的书架
  • 预约/预借图书
  • 作者相关作品
  • 分类相关作品
  • 丛书相关作品
  • 出版社相关作品

书目信息

  • 表格格式
  • 工作单格式
  • 卡片格式
题名:
现代经济学大典
    
 
作者: 洪银兴 总主编 ;李晓西 主编
分册:   资源与环境经济学分册
出版信息: 北京   经济科学出版社  2016
页数: 196页
开本: 25cm
丛书名:
单 册:
中图分类: F0-61 , F062.1-61
科图分类:
主题词: 经济学--jing ji xue--名词术语 , 资源经济学--zi yuan jing ji xue--名词术语 , 环境经济学--huan jing jing ji xue--名词术语
电子资源:
ISBN: 978-7-5141-7118-1
000 01156nam0 22003011 450
001 1730328924
005 20170527085633.12
010    @a978-7-5141-7118-1@dCNY79.00
100    @a20161027d2016 em y0chiy50 ea
101 0  @achi@eeng
102    @aCN@b110000
105    @ay z 000yy
106    @ar
200 1  @a现代经济学大典@Axian dai jing ji xue da dian@i资源与环境经济学分册@f洪银兴总主编@g李晓西主编
210    @a北京@c经济科学出版社@d2016
215    @a196页@d25cm
300    @a国家出版基金项目
304    @a英文共同题名:A dictionary of modern economics
330    @a本套书涉及理论经济学和应用经济学两个一级学科门类的14个学科或领域,本册为资源与环境经济学分册,主要内容包括:环境经济学、自然资源核算、世界自然保护联盟、自然资本、高峰负荷定价等。
606 0  @a经济学@Ajing ji xue@x名词术语
606 0  @a资源经济学@Azi yuan jing ji xue@x名词术语
606 0  @a环境经济学@Ahuan jing jing ji xue@x名词术语
690    @aF0-61@v5
690    @aF062.1-61@v5
701  0 @a洪银兴@Ahong yin xing@f(1950~)@4总主编
702  0 @a李晓西@Ali xiao xi@f(1949~)@4主编
801  0 @aCN@bTANG WEI@c20170523
905    @b0969558-62@dF0-61@e508:7@f5
    
    现代经济学大典.资源与环境经济学分册/洪银兴总主编/李晓西主编 .-北京:经济科学出版社,2016
    196页;25cm
    国家出版基金项目
    
    ISBN 978-7-5141-7118-1:CNY79.00
    本套书涉及理论经济学和应用经济学两个一级学科门类的14个学科或领域,本册为资源与环境经济学分册,主要内容包括:环境经济学、自然资源核算、世界自然保护联盟、自然资本、高峰负荷定价等。
●
相关链接 在E读中查询图书 在五车中查询图书 在当当中查询图书 在豆瓣中查询图书


正题名:现代经济学大典     索取号:F0-61/508:7         预约/预借

序号 登录号 条形码 馆藏地/架位号 状态 备注
1 0969558   209695588   第一样本阅览室/ [索取号:F0-61/508:7] 在馆    
2 0969559   209695597   密集书库-海洋学院/ [索取号:F0-61/508:7] 在馆    
3 0969560   209695604   第一借阅区/ [索取号:F0-61/508:7] 在馆    
4 0969561   209695613   第一借阅区/ [索取号:F0-61/508:7] 在馆    
5 0969562   209695622   第一借阅区/ [索取号:F0-61/508:7] 在馆    
唐山师范学院图书馆 欢迎您!
大连网信软件有限公司© 版权所有